UM Logo

Influence of social media on restaurant consumers : (Record no. 21020)

MARC details
000 -LEADER
fixed length control field 00900nam a22001817a 4500
005 - DATE AND TIME OF LATEST TRANSACTION
control field 20250828142731.0
008 - FIXED-LENGTH DATA ELEMENTS--GENERAL INFORMATION
fixed length control field 240829b ||||| |||| 00| 0 eng d
082 ## - DEWEY DECIMAL CLASSIFICATION NUMBER
Classification number DPer 647.95 J826 January-December 2019 v. 22 n. 1-6
100 ## - MAIN ENTRY--PERSONAL NAME
Personal name Marques de Lima, Mariana.
Relator term author.
9 (RLIN) 59333
245 ## - TITLE STATEMENT
Title Influence of social media on restaurant consumers :
Remainder of title a case study of crab island restaurant /
Statement of responsibility, etc. Mariana Marques de Lima, Emerson Mainardes, and Andre L. Cavalcanti.
260 ## - PUBLICATION, DISTRIBUTION, ETC. (IMPRINT)
Place of publication, distribution, etc. Philadelphia ;
Name of publisher, distributor, etc. Taylor & Francis Group ,
Date of publication, distribution, etc. September-October 2019.
300 ## - PHYSICAL DESCRIPTION
Extent Volume 22, pages 413-432 :
Other physical details illustration ;
Dimensions 26 cm.
500 ## - GENERAL NOTE
General note Journal of Foodservice Business Research, vol. 22, no. 5, pages 413-432, September-October 2019.
700 ## - ADDED ENTRY--PERSONAL NAME
Personal name Marques de Lima, Mariana.
Relator term author.
9 (RLIN) 59333
700 ## - ADDED ENTRY--PERSONAL NAME
Personal name Mainardes, Emerson.
Relator term author.
9 (RLIN) 59334
700 ## - ADDED ENTRY--PERSONAL NAME
Personal name Cavalcanti, André L.
Relator term author.
9 (RLIN) 59335
942 ## - ADDED ENTRY ELEMENTS (KOHA)
Source of classification or shelving scheme Dewey Decimal Classification
Koha item type Periodicals
Holdings
Withdrawn status Lost status Source of classification or shelving scheme Damaged status Not for loan Collection code Home library Current library Date acquired Total Checkouts Date last seen Price effective from Koha item type Public note
    Dewey Decimal Classification     Periodicals UM Digos College - LIC UM Digos College - LIC 08/29/2024   08/29/2024 08/29/2024 Periodicals Periodical Article